| Tag |
First Indicator |
Second Indicator |
Subfields |
| LEADER |
00000cam a2200000 a 4500 |
| 001 |
in00001454813 |
| 005 |
20151021050632.0 |
| 008 |
931104s1994 nyu j 000 1 eng |
| 010 |
|
|
|a 93043518
|
| 020 |
|
|
|a 0590467417 :
|c $13.95
|
| 035 |
|
|
|a (OCoLC)29756933
|
| 035 |
|
|
|9 AJD4739AM
|
| 040 |
|
|
|a DLC
|c DLC
|d TXA
|d UtOrBLW
|
| 049 |
|
|
|a TXAM
|
| 050 |
0 |
0 |
|a PZ7.C2426
|b Do 1994
|
| 082 |
0 |
0 |
|a [Fic]
|2 20
|
| 100 |
1 |
|
|a Carter, Alden R.
|
| 245 |
1 |
0 |
|a Dogwolf /
|c Alden R. Carter.
|
| 264 |
|
1 |
|a New York :
|b Scholastic,
|c [1994]
|
| 264 |
|
4 |
|c ©1994
|
| 300 |
|
|
|a 231 pages ;
|c 22 cm.
|
| 336 |
|
|
|a text
|b txt
|2 rdacontent
|
| 337 |
|
|
|a unmediated
|b n
|2 rdamedia
|
| 338 |
|
|
|a volume
|b nc
|2 rdacarrier
|
| 520 |
|
|
|a Fifteen-year-old Pete, who is part Chippewa, spends a difficult summer fighting fires that threaten the northern Wisconsin forest, while also hunting an equally threatening creature believed to be part dog and part wolf.
|
| 650 |
|
1 |
|a Forest fires
|x Fiction.
|
| 650 |
|
1 |
|a Ojibwa Indians
|x Fiction.
|
| 650 |
|
1 |
|a Indians of North America
|x Fiction.
|
| 651 |
|
1 |
|a Wisconsin
|x Fiction.
|
| 650 |
|
1 |
|a Dogs
|x Fiction.
|
| 740 |
0 |
|
|a Dog wolf.
|
| 948 |
|
|
|a c:bh
|
| 999 |
|
|
|a MARS
|
| 999 |
f |
f |
|s b1059d9f-6728-3305-aaa3-d39d5a919b83
|i f04aef54-eff2-3e15-b3c8-55200a3bf3cd
|t 0
|
| 952 |
f |
f |
|p ric
|a Texas A&M University
|b Rellis Campus
|c Joint Library Facility
|d Remote Storage
|t 0
|e PZ7.C2426 Do 1994
|h Library of Congress classification
|i unmediated -- volume
|m A14822273579
|
| 998 |
f |
f |
|a PZ7.C2426 Do 1994
|t 0
|l Remote Storage
|